Mort subite - Les chansons de Miley Cyrus - Statistiques

Statistiques générales
  • Ce quiz a été pris 216 fois
  • Le résultat moyen est 9 sur 17
Answers on the Grid
Answers color-coded by a green-red scale on the quiz's grid according to % correct below.
Los Angeles
We Can't Stop
I'm Your Angel
Used To Be Young
Night Sky
Party in the U.S.A.
Midnight Sky
A New World
Doctor (Work It Out)
Prisoner
Jaded
Old Town Road
Don't Call Me Angel
II MOST WANTED
When I Was Your Man
River
The End Of The World
Patient
Nothing Breaks Like a Heart
Malibu
The Climb
Wrecking Ball
Thor's Brother
Flowers
Sea
Angels Like You
Dolly Parton
Freedom
 
Statistiques - réponses
Réponse % Correct
Party in the U.S.A.
89%
Flowers
88%
Wrecking Ball
85%
We Can't Stop
68%
Nothing Breaks Like a Heart
64%
The Climb
56%
Don't Call Me Angel
55%
Angels Like You
53%
Malibu
53%
Used To Be Young
50%
Midnight Sky
47%
Prisoner
45%
Jaded
36%
River
30%
The End Of The World
30%
Doctor (Work It Out)
26%
II MOST WANTED
20%
Aucun quiz correspondant
Distribution des résultats
% des personnes avec chaque résultat
Percentile par nombre de réponses
Votre historique - résultats
Vous n’avez pas pris ce quiz